000 00528nam a2200193Ia 4500
005 20250508150428.0
008 008 250505s9999 xx 000 0 eng d
037 _aTextual
040 _aFEDL
_beng
_cFEDL
041 _aeng
_2eng
084 _a121, RUS
_qFEDL
100 _aRussell Bertrand
245 0 _aHuman knowledge: Its scope and limits
260 _aLondon, UK
_bGeorge Allen and Unwin Ltd.
_c1948
300 _a538p
650 _aPhilosophy
942 _cTEXL
_h121, RUS
999 _c1323591
_d1323591